01493nab a22003017a 4500999001500000003000400015005001700019008004100036040000700077100004300084245013300127260007300260300001500333500003600348505032100384505008200705650002300787650003100810650002800841650002400869650003600893651001600929651001800945651001800963700004200981773015501023942001301178 c5565d5565OSt20251218100738.0190429b xxu||||| |||| 00| 0 spa d cPJ 96543aRuiz Gordillo, Franklin Martín13aLa investigación financiera en la detección del lavado de dinero / cFranklin Martín Ruiz Gordillo, Alan García Huitron. cCiudad Autónoma de Buenos Aires :aThomson Reuters La Ley, b2025. ap. 199-223 aCita: TR LALEY AR/DOC/405/2025. aSumario: I. Introducción.— II. Consecuencias dogmáticas del consentimiento del titular del bien jurídico penal.— III. Consentimiento informado.— IV. Bioética y ampliación de las posibilidades de consentimiento del titular del bien jurídico.— V. Conclusiones.— VI. Referencias bibliográficas.  tSi te interesa el texto completo, solicitalo a koha@justierradelfuego.gov.ar  09343aDERECHO PENAL 092812aDELITOS ECONÓMICOS 093064aLAVADO DE ACTIVOS 095942aENCUBRIMIENTO 091186aBIEN JURÍDICO PROTEGIDO 09550aBRASIL 09868aPORTUGAL 09455aESPAÑA 96544aGarcía Huitron, Alanecoautor0 0265893164tRevista de derecho penal y criminología. Nº 3 - Abril 2025dCiudad Autónoma de Buenos Aires : Thomson Reuters La Ley, 2017-x00347914 2udccANA